<?xml version="1.0" encoding="UTF-8"?><?xml-stylesheet type="text/xsl" href="static/style.xsl"?><OAI-PMH xmlns="http://www.openarchives.org/OAI/2.0/" xmlns:xsi="http://www.w3.org/2001/XMLSchema-instance" xsi:schemaLocation="http://www.openarchives.org/OAI/2.0/ http://www.openarchives.org/OAI/2.0/OAI-PMH.xsd"><responseDate>2026-04-28T01:56:08Z</responseDate><request verb="GetRecord" identifier="oai:riubu.ubu.es:10259/4631" metadataPrefix="marc">https://riubu.ubu.es/oai/request</request><GetRecord><record><header><identifier>oai:riubu.ubu.es:10259/4631</identifier><datestamp>2022-04-26T11:42:11Z</datestamp><setSpec>com_10259_2699</setSpec><setSpec>col_10259_2703</setSpec></header><metadata><record xmlns="http://www.loc.gov/MARC21/slim" xmlns:doc="http://www.lyncode.com/xoai" xmlns:xsi="http://www.w3.org/2001/XMLSchema-instance" xmlns:dcterms="http://purl.org/dc/terms/" xsi:schemaLocation="http://www.loc.gov/MARC21/slim http://www.loc.gov/standards/marcxml/schema/MARC21slim.xsd">
<leader>00925njm 22002777a 4500</leader>
<datafield tag="042" ind1=" " ind2=" ">
<subfield code="a">dc</subfield>
</datafield>
<datafield tag="720" ind1=" " ind2=" ">
<subfield code="a">Calvo de León, Rafael</subfield>
<subfield code="e">author</subfield>
</datafield>
<datafield tag="260" ind1=" " ind2=" ">
<subfield code="c">2015</subfield>
</datafield>
<datafield tag="520" ind1=" " ind2=" ">
<subfield code="a">Esta investigación tiene por objetivo, analizar cómo ha evolucionado un centro de protección de menores, a raíz de la influencia, aportaciones y exigencias de las distintas normativas respecto a la atención de los niños y jóvenes en acogimiento residencial en la década de los años 90. Este centro en concreto, es la Residencia “Gregorio Santiago” de Burgos, elegido para nuestra investigación por ser pionero en la Comunidad Autónoma de Castilla y León, en relación a su modernización y adaptación a las nuevas realidades y demandas sociales respecto a los menores en riesgo de exclusión social. &#xd;
Para ello hemos procedido a exponer, de forma generalizada, los grandes cambios que se han producido en las políticas sociales en relación a la infancia y la protección al menor, desde el ámbito internacional hasta el autonómico y más concretamente el de la Comunidad de Castilla y León.</subfield>
</datafield>
<datafield tag="520" ind1=" " ind2=" ">
<subfield code="a">The objective of this research is to analyze how a protection center for minors has grown following the influence, contributions and exigencies in the distinct rules, in regards to the children and young adults in residential care in the 90s. This specific center is the Residence “Gregorio Santiago” in Burgos, chosen for our investigation to be the pioneers of the autonomous community of Castile and Leon in relation to a modernization and adaptation to the new realties and social demands in respect to minors at risk of social exclusion.&#xd;
We have proceeded by explaining in general terms, the great changes that have been produced in social politics in relation to childhood and protection of minors, from the international environmental to the autonomous community and more concretely, the community of Castile and Leon.</subfield>
</datafield>
<datafield tag="024" ind2=" " ind1="8">
<subfield code="a">http://hdl.handle.net/10259/4631</subfield>
</datafield>
<datafield tag="024" ind2=" " ind1="8">
<subfield code="a">10.36443/10259/4631</subfield>
</datafield>
<datafield ind1=" " ind2=" " tag="653">
<subfield code="a">Normativa</subfield>
</datafield>
<datafield ind1=" " ind2=" " tag="653">
<subfield code="a">Acogimiento residencial</subfield>
</datafield>
<datafield ind1=" " ind2=" " tag="653">
<subfield code="a">Servicios sociales</subfield>
</datafield>
<datafield ind1=" " ind2=" " tag="653">
<subfield code="a">Protección de menores</subfield>
</datafield>
<datafield ind1=" " ind2=" " tag="653">
<subfield code="a">Programas educativos individuales</subfield>
</datafield>
<datafield ind1=" " ind2=" " tag="653">
<subfield code="a">Regulation</subfield>
</datafield>
<datafield ind1=" " ind2=" " tag="653">
<subfield code="a">Residential care</subfield>
</datafield>
<datafield ind1=" " ind2=" " tag="653">
<subfield code="a">Social services,</subfield>
</datafield>
<datafield ind1=" " ind2=" " tag="653">
<subfield code="a">Child protection</subfield>
</datafield>
<datafield ind1=" " ind2=" " tag="653">
<subfield code="a">Individual educational program</subfield>
</datafield>
<datafield tag="245" ind1="0" ind2="0">
<subfield code="a">Adaptación de la legislación a la Residencia Gregorio Santiago de Burgos de 1990 a 2000</subfield>
</datafield>
</record></metadata></record></GetRecord></OAI-PMH>